Primary processes in photosynthesis/ (Record no. 143599)

MARC details
000 -LEADER
fixed length control field 00654nam a2200217 a 4500
008 - FIXED-LENGTH DATA ELEMENTS--GENERAL INFORMATION
fixed length control field
049 ## - LOCAL HOLDINGS (OCLC)
Holding library MAIN
090 ## - LOCALLY ASSIGNED LC-TYPE CALL NUMBER (OCLC); LOCAL CALL NUMBER (RLIN)
Classification number (OCLC) (R) ; Classification number, CALL (RLIN) (NR) QK882
Local cutter number (OCLC) ; Book number/undivided call number, CALL (RLIN) KAM
003 - CONTROL NUMBER IDENTIFIER
control field
005 - DATE AND TIME OF LATEST TRANSACTION
control field 20230123133141.0
040 ## - CATALOGING SOURCE
Transcribing agency NUST
100 1# - MAIN ENTRY--PERSONAL NAME
Personal name Kamen, Martin David.
245 10 - TITLE STATEMENT
Title Primary processes in photosynthesis/
Statement of responsibility, etc. Martin D. Kamen.
260 ## - PUBLICATION, DISTRIBUTION, ETC.
Place of publication, distribution, etc. New York :
Name of publisher, distributor, etc. Academic Press ;
Date of publication, distribution, etc. 1963.
300 ## - PHYSICAL DESCRIPTION
Extent xii, 183 p.
Other physical details diagrs ;
Dimensions 21 cm.
440 ## - SERIES STATEMENT/ADDED ENTRY--TITLE
Title Advanced biochemistry, a series of monographs,
Volume/sequential designation 1.
650 #0 - SUBJECT ADDED ENTRY--TOPICAL TERM
Topical term or geographic name entry element Photosynthesis.
830 #0 - SERIES ADDED ENTRY--UNIFORM TITLE
Uniform title Advanced biochemistry ;
Volume/sequential designation 1.
907 ## - LOCAL DATA ELEMENT G, LDG (RLIN)
a .b10023720
b 16-04-12
c 17-04-03
942 ## - ADDED ENTRY ELEMENTS (KOHA)
Koha item type Ordinary Loan Books
Call number prefix QK882
Call number suffix KAM
Holdings
Date last seen Total Checkouts Full call number Barcode Cost, replacement price Price effective from Koha item type Lost status Source of classification or shelving scheme Damaged status Not for loan Collection Withdrawn status Home library Current library Shelving location Date acquired Cost, normal purchase price
01/23/2023 1 QK882 KAM 92003005422 80.00 01/23/2023 BOOKS   LCC     NFIC   MAIN MAIN GEN 01/23/2023 80.00